|
|
|
|
| LEADER |
00000nam0a2200000 4500 |
| 001 |
16476 |
| 005 |
20231101205103.0 |
| 035 |
|
|
|a (RuTPU)RU\TPU\book\16601
|
| 035 |
|
|
|a BOOK00001289
|
| 090 |
|
|
|a 16476
|
| 100 |
|
|
|a 20011209d1990 m y0rusy50 ca
|
| 101 |
0 |
|
|a rus
|
| 102 |
|
|
|a RU
|
| 105 |
|
|
|a y z 000сy
|
| 200 |
1 |
|
|a Русская государственная символика
|e Очерки
|f Н. Н. Лысенко
|
| 210 |
|
|
|a Ленинград
|c Ленинградская панорама
|d 1990
|
| 215 |
|
|
|a 37 с.
|
| 606 |
1 |
|
|a Символы государственные
|2 stltpush
|3 (RuTPU)RU\TPU\subj\53334
|9 71649
|
| 610 |
1 |
|
|a история
|
| 610 |
1 |
|
|a Россия
|
| 610 |
1 |
|
|a символика
|
| 610 |
1 |
|
|a флаг
|
| 610 |
1 |
|
|a герб
|
| 686 |
|
|
|a Т215
|v LBC/SL-A
|2 rubbk
|
| 700 |
|
1 |
|a Лысенко
|b Н. Н.
|g Николай Николаевич
|
| 801 |
|
0 |
|a RU
|b 63413507
|c 20011209
|g PSBO
|
| 801 |
|
2 |
|a RU
|b 63413507
|c 20230203
|g PSBO
|
| 942 |
|
|
|c BK
|